LEADER 01693nam a2200325 i 4500 001 000000176713 003 CaOOAMICUS 005 20081216000000.0 008 081216s1996 it u000 u ita u 013 $a154202 020 $a88-7078-379-0 040 $aSeMil$bita 100 1 $aIsay, Richard A.$0(OLS)http://semarc/name/65765 240 10$aBeing homosexual.$0(OLS)http://semarc/title/253719 245 10$aEssere omosessuali :$bomosessualitą maschile e sviluppo psichico /$cRichard A. Isay ; edizione italiana a cura di Anna Oliverio Ferraris e Vittorio Lingiardi ; [trad. di Albertina Oliverio]. 260 $aMilano :$bRaffaello Cortina,$c1996. 300 $aXVI, 146 p. ;$c23 cm. 490 0 $aCollana di psicologia clinica e psicoterapia ;$v86 500 $aContiene: Omosessualita: mito psicoanalitico e corredo genetico / di Vittorio Lingiardi. - Dono di don Romano Martinelli. 650 4$aOmosessualitą.$0(OLS)http://semarc/subject/8978 700 1 $aOliverio, Albertina.$0(OLS)http://semarc/name/65766 700 1 $aLingiardi, Vittorio,$d<1960- >.$0(OLS)http://semarc/name/6112 700 1 $aOliverio Ferraris, Anna.$0(OLS)http://semarc/name/42657 830 0$aCollana di psicologia clinica e psicoterapia ;$v86.$0(OLS)http://semarc/title/5965 850 $aSeMil 852 $aSeMil$W1$xVenegono$y1$m2O IV 378$j127533$B127533$CSeMilBibl$Z2$F138762 $81 961 $aOmaggio: Martinelli don Romano 996 $6020$a88-7078-379-0$9(OLS)http://semarc/number/165369 996 $6245$aEssere omosessuali :$bomosessualitą maschile e sviluppo psichico$9(OLS)http://semarc/title/253718 996 $6260$aMilano :$bRaffaello Cortina$9(OLS)http://semarc/publisher/31196 LEADER 00890naa a2200145 i 4500 001 000000294157 003 CaOOAMICUS 005 20180831172500.0 008 180831n xx u000 u und u 013 $a1439 040 $aSeMil$bita 100 1 $aLoretz, Oswald,$d<1928-2014>.$0(OLS)http://semarc/name/13300 245 10$aNekromantie und Totenevokation in Mesopotamien, Ugarit und Israel ; Opferund Leberschau in Israel :$bPhilologische und Historische Aspekte. 773 0 $aJanowski, Bernd <1943- >$tReligionsgeschichtliche Beziehungen zwischen Kleinasien, Nordsyrien und dem Alten Testament.$dFreiburg (Schweiz) : Universitätsverlag, copyr. 1993.$kOrbis Biblicus et Orientalis$z3-7278-0878-0$z3-525-53764-6$w()42925 996 $6245$aNekromantie und Totenevokation in Mesopotamien, Ugarit und Israel ; Opferund Leberschau in Israel :$bPhilologische und Historische Aspekte$9(OLS)http://semarc/title/370245